Normal view
MARC view
Entry Personal Name
001 - CONTROL NUMBER
- control field: 1214900
003 - CONTROL NUMBER IDENTIFIER
- control field: OSt
005 - DATE AND TIME OF LATEST TRANSACTION
- control field: 20260324143233.0
008 - FIXED-LENGTH DATA ELEMENTS
- fixed length control field: 260324|| aca||aabn | a|a d
040 ## - CATALOGING SOURCE
- Original cataloging agency: OSt
- Transcribing agency: OSt
100 ## - HEADING--PERSONAL NAME
- Personal name: Eugene D. Fabricius
670 ## - SOURCE DATA FOUND
- Source citation: Work cat.: (OSt)1820043: Eugene D. Fabricius, Modern Digital Design and Switching Theory
